Tudomány és élet [A Délvidéki Szellemi Találkozó keretében tervezett tudományos ankét elnöki megnyitója] /

Elmentve itt :
Bibliográfiai részletek
Szerző: Halasy-Nagy József
Testületi szerző: Délvidéki Szellemi Találkozó (1944) (Szeged)
Dokumentumtípus: Cikk
Megjelent: 1944
Sorozat:Délvidéki szemle 3
Kulcsszavak:Filozófia
Tárgyszavak:
Online Access:http://acta.bibl.u-szeged.hu/19460
LEADER 00815nab a2200205 i 4500
001 acta19460
005 20251008125431.0
008 161015s1944 hu o 000 hun d
040 |a SZTE Egyetemi Kiadványok Repozitórium  |b hun 
041 |a hun 
100 2 |a Halasy-Nagy József 
245 1 0 |a Tudomány és élet   |h [elektronikus dokumentum] :  |b [A Délvidéki Szellemi Találkozó keretében tervezett tudományos ankét elnöki megnyitója] /  |c  Halasy-Nagy József 
260 |c 1944 
300 |a 369-371 
490 0 |a Délvidéki szemle  |v 3 
650 4 |a Bölcsészettudományok 
650 4 |a Filozófia, etika és vallástudományok 
695 |a Filozófia 
710 |a Délvidéki Szellemi Találkozó (1944) (Szeged) 
856 4 0 |u http://acta.bibl.u-szeged.hu/19460/1/delvideki_szemle_003_369-371.pdf  |z Dokumentum-elérés